Vögel nach Schnabel erraten - Statistiken

Allgemein
  • Dieses Quiz wurde 113 mal gespielt
  • Das Durchschnittsergebnis liegt bei 11 aus 16
Antwortstatistiken
Bildquiz Antwort % Korrekt
Papagei
95%
Tukan
94%
Ente
93%
Storch
93%
Rabe
88%
Pelikan
87%
Flamingo
82%
Huhn
77%
Falke
68%
Kolibri
61%
Löffler
60%
Geier
57%
Fink
45%
Pinguin
41%
Specht
27%
Wiedehopf
17%
Keine übereinstimmenden Quizze gefunden
Verteilung der Resultate
Anzahl Personen mit jedem Resultat
Perzentil nach korrekt beantworteten Fragen
Ihre Resultats-Entwicklung
Sie haben dieses Quiz noch nicht gespielt